000 00535nam a2200181 i 4500
001 87512
003 ES-MaACL
005 20230906175702.0
007 t|
008 041221s1945 sp ||||1| spa d
100 1 _aKucera, Enrique.
_968945
245 1 0 _aMétodo Kucera
_b: inglés : curso superior /
_cpor Enrique Kucera.
250 _a[1ª ed.].
260 _aBarcelona :
_b[s.n.,
_c1945] (
_fJ. Horta y Cª)
300 _a293 p. :
_bil. ;
_c22 cm.
852 _aES-MaACL
_jE-1890
_bR.22853
852 _aES-MaACL
_jB-10618
_bR.22247
999 _c87512
_d87512